00366 2200157 4500001002100000005001500021035002000036245004800056100001300104300001100117260003400128082000800162084001400170990001200184990001200196INLIS00000000000210820250527101159 a0010-05250004001 aTerampil Berolahraga Tenis Meja /cSutarmin0 aSutarmin a76 hlm aSolo :bEra Intermedia,c2007 a700 a700 SUT t a0712998 a0712999